000 01697nam0a2200373 4500
001 RU\NLR\bibl\919712
005 20260406072105.0
010 _a5-94045-024-5
_bИностранный язык
010 _a5-488-00257-X
_bОникс
_95000
021 _aRU
_b2006-4154
_9191
035 _a(NLR Aleph) 000907996
090 _a25928
_c25928
100 _a20060322d2006 |||y0rusy50 ca
101 0 _arus
_aeng
102 _aRU
105 _aa |||||||||
200 1 _aПутешествия Гулливера
_dGulliver's travels
_e[роман, задания, ключи
_eкнига для чтения на английском языке]
_eучебное пособие для учащихся лингвистических гимназий и лицеев
_fJonathan Swift
_g[сост., адаптация, коммент. и упражнения Н.Б. Цибуля]
_gрис. Елены Белоусовой
210 _aМосква
_cИностранный язык
_cОникс
_d2006
215 _a159 с.
_cил.
_d20
225 1 _aЧитаем по-английски
225 1 _aEnglish
300 _aОбл. на англ. яз.
510 0 _aGulliver's travels
_zrus
512 1 _6z22790
_aGulliver's travels
606 1 _aАнглийский язык
_jУчебные издания
_9972309
_3RU\NLR\auth\6646032
686 _aШ143.21-93рус2хрест
686 _aШ143.21-93рус91
700 1 _4070
_8rus
_7ca
_aСвифт
_bД.
_gДжонатан
_f1667-1745
_3RU\NLR\auth\7729703
_912731
790 1 _6z22512
_aSwift
_bJ.
_f1667-1745
_gJonathan
_4070
801 0 _aRU
_bNLR
_c20060322
_grcr
801 1 _aRU
_bNLR
_c20060322
942 _cBOOK
980 _aNB